|
|
|
|
| LEADER |
00000nam a2200000 a 4500 |
| 001 |
vtls010660230 |
| 003 |
SK-MaSNL |
| 005 |
20260301090951.0 |
| 008 |
251112s1633 gw 000 0 lat |
| 035 |
|
|
|a 5F43BC4F-6281-4003-B91F-C8E1C841C650
|
| 035 |
|
|
|a urn:nbn:sk:snk-amyfwe
|
| 035 |
|
|
|a urn:nbn:sk:snk-am00cm7w
|
| 040 |
|
|
|a SNK
|b slo
|c SNK
|e AACR2
|
| 041 |
0 |
|
|a lat
|
| 044 |
|
|
|a gw
|c DE
|
| 080 |
|
|
|a 2-1
|2 2001
|
| 080 |
|
|
|a 2-534.6
|2 2001
|
| 080 |
|
|
|a (0.072)
|2 2001
|
| 100 |
1 |
|
|a Himmel, Johann,
|d 1581-1642
|4 aut
|9 356377
|
| 245 |
1 |
0 |
|a Triga Prophetica
|b Analysi Logico-Philologica, Genesi Theoretico-Practica
|n [Quarta Et Ultima]
|p [Haggaevs Zacharias Malachias]
|c Nervosè ac succinćtè explicati, & Tabellis Synopticis illustreti à Johanne Himmelio, Pomerano, SS.Th.D. & in Axademiâ Jenensi Professore.
|
| 260 |
|
|
|a Lipsiae,
|b Impensis Eliae Rehefeldi
|c M.DC.XXXIII. [=1633]
|f Typis Haered. Friderici Lanckisch
|
| 300 |
|
|
|a [8], 495, [24] s.
|c 20 cm
|
| 501 |
|
|
|a Príväzok 2. k: Himmel, Johann: Himmel, Johann: Triga Prophetica Secunda Amos Michæas Habacvs Analysi Logico-Philologica, Genesi Theoretico-Practica. Lipsiae: Impensis Eliae Rehefeldi, M.DC.XXXII. [=1632], 97-359, [32] s., 20cm.
|5 SNK ID 99028
|
| 508 |
|
|
|a Predhovor a venovanie autora
|
| 510 |
4 |
|
|a VD 17 39:128211A
|
| 546 |
|
|
|a Latinčina
|b Antikva
|b Kurzíva
|
| 561 |
|
|
|a Rukopisná provenienčná poznámka: Adami Chalupka.
|5 SNK ID 99028
|
| 562 |
|
|
|a Chybne zviazaný exemplár, prvých 40 strán aj s titulným listom patria ku Prív. 1., pričom titulný list aj s úvodom a venovaním autora z Prív. 1. patrí ku Prív. 2.
|5 SNK ID 99028
|
| 650 |
0 |
7 |
|a teológia
|2 SNKPH
|9 1814
|
| 650 |
0 |
7 |
|a proroctvá
|2 SNKPH
|9 1964
|
| 655 |
|
7 |
|a komentáre
|2 SNKPH
|9 70412
|
| 700 |
1 |
|
|a Chalupka, Adam,
|d 1767-1840
|4 fmo
|9 65374
|
| 700 |
1 |
|
|a Mönchmeier, Daniel,
|d 1582-1635
|4 dte
|9 419562
|
| 700 |
1 |
|
|a Natus, Fabianus,
|d 1591-1634
|4 dte
|9 419563
|
| 700 |
1 |
|
|a Stedingk, Erhard,
|d 1569-1636
|4 dte
|9 419564
|
| 700 |
1 |
|
|a Himmel, Johann,
|d 1581-1642
|4 aui
|4 dto
|9 356377
|
| 700 |
1 |
|
|a Horst, Philipp,
|d 1584-1664
|4 wam
|9 419565
|
| 700 |
1 |
|
|a Bulaeus, Christophorus,
|d 1602-1677
|4 wam
|9 419566
|
| 710 |
0 |
|
|a Rehefeld, Elias (Lipsko, Nemecko),
|d 1611-1636
|4 pbl
|9 419567
|
| 710 |
0 |
|
|a Lanckisch, Friedrich starší - dedičia (Lipsko, Nemecko)
|4 prt
|9 196414
|
| 752 |
|
|
|a Nemecko
|d Leipzig
|
| 852 |
|
|
|a snk
|b Historické fondy
|p ID 99028
|
| 958 |
|
|
|a ONDV
|
| 999 |
|
|
|c 669713
|d 671643
|
| 952 |
|
|
|t CHA 8
|a SNK
|b SNK
|c SNK_HF
|y PREZ
|7 0
|p 17A1127323
|o snkID 99028/prív.2
|i snk2015/8699
|8 5
|0 0
|1 0
|4 0
|d 2015-04-07
|f 1
|l 0
|r 2026-02-23 19:22:55
|w 2026-02-23
|